[Event "95th Caplin Hastings Congress"]
[Site "Hastings"]
[Date "2019.12.31"]
[Round "4.42"]
[White "Butt, Laurence"]
[Black "Brown, Thomas"]
[Result "0-1"]
[WhiteElo "1694"]
[BlackElo "2116"]
[Annotator "ChessBase"]
[PlyCount "94"]
[EventDate "2019.12.28"]
[EventType "swiss"]
[EventCountry "ENG"]
[SourceTitle "playchess.com"]
[Source "ChessBase"]
[SourceQuality "1"]
[TimeControl "40/6600+30:3000+30"]

1. d4 {[%emt 0:13:22]} Nf6 {[%emt 0:09:48]} 2. e3 {[%emt 0:00:03]} g6 {[%emt 0:00:20]} 3. f4 {[%emt 0:00:19]} Bg7 {[%emt 0:00:07]} 4. Nf3 {[%emt 0:00:06]} c5 {[%emt 0:00:27]} 5. Be2 {[%emt 0:00:27]} b6 {[%emt 0:00:40]} 6. O-O {[%emt 0:00:15]} Bb7 {[%emt 0:00:25]} 7. c4 {[%emt 0:00:22]} cxd4 {[%emt 0:02:56]} 8. exd4 {[%emt 0:00:16]} O-O {[%emt 0:01:44]} 9. Nc3 {[%emt 0:00:04]} d5 {[%emt 0:01:47]} 10. cxd5 {[%emt 0:04:52]} Nxd5 {[%emt 0:00:22]} 11. h4 {[%emt 0:06:40]} Nd7 {[%emt 0:14:56]} 12. h5 {[%emt 0:01:28]} Rc8 {[%emt 0:02:58]} 13. hxg6 {[%emt 0:02:40]} hxg6 {[%emt 0:02:28]} 14. Nxd5 {[%emt 0:06:00]} Bxd5 {[%emt 0:00:05]} 15. Ne5 {[%emt 0:00:24]} Nxe5 {[%emt 0:01:55]} 16. fxe5 {[%emt 0:01:36]} Bc4 {[%emt 0:05:40]} 17. Be3 {[%emt 0:01:43]} Bxe2 {[%emt 0:06:41]} 18. Qxe2 {[%emt 0:00:01]} Qd5 {[%emt 0:00:16]} 19. Qf3 {[%emt 0:09:48]} Qxf3 {[%emt 0:13:12]} 20. gxf3 {[%emt 0:00:07]} f6 {[%emt 0:04:54]} 21. f4 {[%emt 0:00:29]} Kf7 {[%emt 0:02:47]} 22. Rad1 {[%emt 0:05:03]} Rc2 {[%emt 0:02:47]} 23. Rf2 {[%emt 0:07:53]} Rxf2 {[%emt 0:00:18]} 24. Kxf2 {[%emt 0:03:16]} fxe5 {[%emt 0:00:19]} 25. fxe5 {[%emt 0:00:28]} Ke6+ {[%emt 0:02:33]} 26. Ke2 {[%emt 0:00:20]} Rh8 {[%emt 0:05:31]} 27. Rc1 {[%emt 0:01:50]} Rh2+ {[%emt 0:04:21]} 28. Bf2 {[%emt 0:01:06]} Bh6 {[%emt 0:00:23]} 29. Rc6+ {[%emt 0:00:40]} Kf5 {[%emt 0:00:08]} 30. Kf1 {[%emt 0:06:22]} Rh1+ {[%emt 0:02:05]} 31. Kg2 {[%emt 0:00:59]} Rb1 {[%emt 0:04:10]} 32. Rc2 {[%emt 0:04:48]} Rc1 {[%emt 0:01:55]} 33. Re2 {[%emt 0:00:46]} Rd1 {[%emt 0:00:19]} 34. Bh4 {[%emt 0:07:03]} Rxd4 {[%emt 0:08:11]} 35. Bxe7 {[%emt 0:00:10]} Rd2 {[%emt 0:00:56]} 36. Rxd2 {[%emt 0:03:44]} Bxd2 {[%emt 0:00:06]} 37. Kf3 {[%emt 0:02:57]} Kxe5 {[%emt 0:02:16]} 38. Ke2 {[%emt 0:02:55]} Bc1 {[%emt 0:02:26]} 39. b3 {[%emt 0:00:36]} Ke4 {[%emt 0:00:18]} 40. a4 {[%emt 0:02:12]} Be3 {[%emt 0:02:54]} 41. Bd6 {[%emt 0:50:44]} g5 {[%emt 0:55:07]} 42. Bg3 {[%emt 0:01:58]} g4 {[%emt 0:01:41]} 43. b4 {[%emt 0:00:30]} Bf4 {[%emt 0:00:00]} 44. Bf2 {[%emt 0:00:00]} g3 {[%emt 0:00:00]} 45. Bg1 {[%emt 0:00:00]} Be5 {[%emt 0:00:00]} 46. a5 {[%emt 0:00:00]} Bd4 {[%emt 0:00:00]} 47. axb6 {[%emt 0:00:00]} axb6 {[%emt 0:00:00]} 0-1

[Event "95th Caplin Hastings Congress"]
[Site "Hastings"]
[Date "2019.12.31"]
[Round "4.43"]
[White "Mineev, Sergey I."]
[Black "White, Stuart A"]
[Result "1/2-1/2"]
[WhiteElo "1588"]
[BlackElo "2106"]
[Annotator "ChessBase"]
[PlyCount "32"]
[EventDate "2019.12.28"]
[EventType "swiss"]
[EventCountry "ENG"]
[SourceTitle "playchess.com"]
[Source "ChessBase"]
[SourceQuality "1"]
[TimeControl "40/6600+30:3000+30"]

1. d4 {[%emt 0:09:32]} Nf6 {[%emt 0:09:32]} 2. c4 {[%emt 0:00:09]} e6 {[%emt 0:00:04]} 3. Nc3 {[%emt 0:00:05]} Bb4 {[%emt 0:00:10]} 4. Qc2 {[%emt 0:00:11]} O-O {[%emt 0:00:18]} 5. Bg5 {[%emt 0:00:27]} c5 {[%emt 0:00:25]} 6. dxc5 {[%emt 0:00:07]} Na6 {[%emt 0:00:48]} 7. a3 {[%emt 0:02:13]} Bxc3+ {[%emt 0:00:37]} 8. Qxc3 {[%emt 0:00:08]} Nxc5 {[%emt 0:00:59]} 9. Bxf6 {[%emt 0:00:49]} Qxf6 {[%emt 0:00:53]} 10. Qxf6 {[%emt 0:00:13]} gxf6 {[%emt 0:00:03]} 11. g3 {[%emt 0:06:56]} a5 {[%emt 0:05:32]} 12. Bg2 {[%emt 0:01:44]} a4 {[%emt 0:09:13]} 13. Nf3 {[%emt 0:03:50]} Ra5 {[%emt 0:22:15]} 14. Nd4 {[%emt 0:12:28]} Rd8 {[%emt 0:05:49]} 15. O-O {[%emt 0:04:04]} Kf8 {[%emt 0:02:41]} 16. Rab1 {[%emt 0:04:40]} d6 {[%emt 0:12:33]} 1/2-1/2

[Event "95th Caplin Hastings Congress"]
[Site "Hastings"]
[Date "2019.12.31"]
[Round "4.44"]
[White "Boino, Claudio"]
[Black "Flynn, David"]
[Result "1/2-1/2"]
[WhiteElo "2146"]
[BlackElo "1853"]
[Annotator "ChessBase"]
[PlyCount "76"]
[EventDate "2019.12.28"]
[EventType "swiss"]
[EventCountry "ENG"]
[SourceTitle "playchess.com"]
[Source "ChessBase"]
[SourceQuality "1"]
[TimeControl "40/6600+30:3000+30"]

1. d4 {[%emt 0:10:00]} Nf6 {[%emt 0:26:24]} 2. Nf3 {[%emt 0:00:00]} g6 {[%emt 0:00:15]} 3. c4 {[%emt 0:00:00]} Bg7 {[%emt 0:00:05]} 4. Nc3 {[%emt 0:00:00]} d5 {[%emt 0:00:05]} 5. cxd5 {[%emt 0:00:00]} Nxd5 {[%emt 0:00:10]} 6. e4 {[%emt 0:00:04]} Nxc3 {[%emt 0:00:07]} 7. bxc3 {[%emt 0:00:04]} c5 {[%emt 0:00:23]} 8. Be3 {[%emt 0:00:09]} Qa5 {[%emt 0:01:23]} 9. Qd2 {[%emt 0:00:07]} Nc6 {[%emt 0:00:33]} 10. Rb1 {[%emt 0:00:54]} cxd4 {[%emt 0:02:29]} 11. cxd4 {[%emt 0:00:09]} Qxd2+ {[%emt 0:00:30]} 12. Kxd2 {[%emt 0:00:10]} O-O {[%emt 0:00:25]} 13. Bd3 {[%emt 0:00:26]} e6 {[%emt 0:07:30]} 14. Rhc1 {[%emt 0:00:09]} Rd8 {[%emt 0:04:49]} 15. Rc4 {[%emt 0:00:10]} Na5 {[%emt 0:06:18]} 16. Rc5 {[%emt 0:16:51]} Nc6 {[%emt 0:02:29]} 17. Rc4 {[%emt 0:02:49]} Na5 {[%emt 0:00:04]} 18. Rc7 {[%emt 0:05:02]} Rd7 {[%emt 0:24:12]} 19. Rc2 {[%emt 0:06:19]} b6 {[%emt 0:10:33]} 20. Rbc1 {[%emt 0:07:04]} Bb7 {[%emt 0:00:13]} 21. Ke2 {[%emt 0:00:31]} Rdd8 {[%emt 0:04:38]} 22. Rc7 {[%emt 0:17:25]} Rac8 {[%emt 0:00:16]} 23. Bd2 {[%emt 0:05:39]} Rxc7 {[%emt 0:00:29]} 24. Rxc7 {[%emt 0:00:09]} Rc8 {[%emt 0:00:22]} 25. Rd7 {[%emt 0:01:05]} f5 {[%emt 0:09:06]} 26. e5 {[%emt 0:11:54]} Bd5 {[%emt 0:09:36]} 27. Bxa5 {[%emt 0:08:07]} bxa5 {[%emt 0:00:06]} 28. Rxa7 {[%emt 0:00:07]} Bxa2 {[%emt 0:00:13]} 29. Rxa5 {[%emt 0:00:10]} Bd5 {[%emt 0:00:30]} 30. Ne1 {[%emt 0:03:27]} Bf8 {[%emt 0:01:24]} 31. Rb5 {[%emt 0:04:54]} Ra8 {[%emt 0:00:37]} 32. Rb2 {[%emt 0:01:21]} Ra4 {[%emt 0:00:42]} 33. Ke3 {[%emt 0:02:02]} f4+ {[%emt 0:01:33]} 34. Kxf4 {[%emt 0:00:46]} Bh6+ {[%emt 0:00:43]} 35. Kg3 {[%emt 0:00:51]} Rxd4 {[%emt 0:00:11]} 36. Be2 {[%emt 0:03:35]} Bf4+ {[%emt 0:01:40]} 37. Kh3 {[%emt 0:00:05]} Bxe5 {[%emt 0:00:26]} 38. Nf3 {[%emt 0:00:37]} Bxf3 {[%emt 0:01:38]} 1/2-1/2

[Event "95th Caplin Hastings Congress"]
[Site "Hastings"]
[Date "2019.12.31"]
[Round "4.45"]
[White "Wilson, Matthew R"]
[Black "Ortiz Sanchez, Luis"]
[Result "1-0"]
[WhiteElo "1837"]
[BlackElo "1947"]
[Annotator "NA"]
[PlyCount "45"]
[EventDate "2019.12.28"]
[EventType "swiss"]
[EventCountry "ENG"]
[SourceTitle "playchess.com"]
[Source "ChessBase"]
[SourceQuality "1"]
[TimeControl "40/6600+30:3000+30"]

1. e4 {[%emt 0:09:54]} c5 {[%emt 0:09:56]} 2. Nf3 {[%emt 0:00:04]} Nc6 {[%emt 0:00:07]} 3. Bb5 {[%emt 0:00:03]} e6 {[%emt 0:02:45]} 4. O-O {[%emt 0:00:17]} Nge7 {[%emt 0:00:13]} 5. Re1 {[%emt 0:00:21]} g6 {[%emt 0:00:41]} 6. c3 {[%emt 0:05:53]} Bg7 {[%emt 0:03:58]} 7. d4 {[%emt 0:00:27]} cxd4 {[%emt 0:00:37]} 8. cxd4 {[%emt 0:00:49]} Qb6 {[%emt 0:01:09] B31: Sicilian: 2...Nc6 3 Bb5 g6} 9. Bxc6 {[%emt 0:01:20]} (9. Na3 d5 10. exd5 Nxd5 11. Nc4 Qc7 12. Bg5 O-O 13. Rc1 Nce7 14. Ba4 a6 15. Bb3 b5 16. Nce5 {½-½ (42) Nanu,C (2507)-Grecescu,G (2383) Eforie Nord 2007}) 9... dxc6 {[%emt 0:00:44]} 10. Nc3 {[%emt 0:02:05]} O-O {[%emt 0:00:47]} 11. b3 $146 {[%emt 0:05:28]} ({Predecessor:} 11. Rb1 Rd8 12. Be3 Qc7 13. Qb3 b6 14. Rbc1 Bb7 15. Bg5 h6 16. Bh4 {0-1 (28) Peregi,Z (1926)-Jaro,B (1783) Hungary 2016}) 11... Qa6 {[%emt 0:18:21]} 12. e5 {[%emt 0:21:27]} c5 {[%emt 0:11:16]} 13. Ne4 {[%emt 0:12:46]} cxd4 {[%emt 0:01:24]} 14. Bg5 {[%emt 0:02:38]} Nd5 {[%emt 0:01:17]} 15. Nf6+ {[%emt 0:18:20]} Kh8 {[%emt 0:02:29]} 16. Qd2 {[%emt 0:05:47]} d3 {[%emt 0:18:15]} 17. Re4 {[%emt 0:05:19]} Qc6 {[%emt 0:06:42]} 18. Rh4 {[%emt 0:06:07]} h5 {[%emt 0:00:39]} 19. Rc1 $18 {[%emt 0:02:15]} Qb5 {[%emt 0:04:12]} 20. a4 {[%emt 0:06:52]} Qxb3 {[%emt 0:00:54]} 21. g4 {[%emt 0:00:12]} Qb4 {[%emt 0:00:28]} 22. gxh5 {[%emt 0:02:41]} Nxf6 {[%emt 0:05:18]} 23. Qxb4 {[%emt 0:01:24]} 1-0

[Event "95th Caplin Hastings Congress"]
[Site "Hastings"]
[Date "2019.12.31"]
[Round "4.46"]
[White "Gisbert Mir, Alejandro"]
[Black "Howell, Oliver W"]
[Result "0-1"]
[WhiteElo "1835"]
[BlackElo "1928"]
[Annotator "NA"]
[PlyCount "76"]
[EventDate "2019.12.28"]
[EventType "swiss"]
[EventCountry "ENG"]
[SourceTitle "playchess.com"]
[Source "ChessBase"]
[SourceQuality "1"]
[TimeControl "40/6600+30:3000+30"]

1. d4 {[%emt 0:09:40]} d5 {[%emt 0:00:38]} 2. c4 {[%emt 0:00:31]} c6 {[%emt 0:09:08]} 3. Nf3 {[%emt 0:00:07]} Nf6 {[%emt 0:00:05]} 4. e3 {[%emt 0:00:04]} Bf5 {[%emt 0:00:27]} 5. Nc3 {[%emt 0:01:48]} e6 {[%emt 0:00:18]} 6. Nh4 {[%emt 0:01:04]} Bg4 {[%emt 0:00:35]} 7. Qb3 {[%emt 0:00:40]} Qb6 {[%emt 0:05:23]} 8. c5 {[%emt 0:01:57] D12: Slav Defence: 3 Nf3 Nf6 4 e3 Bf5} (8. h3 Bh5 9. g4 Bg6 10. Nxg6 hxg6 11. g5 Ne4 12. Nxe4 dxe4 13. h4 Bb4+ 14. Ke2 Nd7 15. Bg2 f5 16. gxf6 Nxf6 17. Qc2 Qa5 18. Bxe4 Nxe4 19. Qxe4 {1-0 (33) Esipenko,A (2620)-Tsydypov,Z (2546) Sochi 2019}) 8... Qc7 {[%emt 0:01:16]} 9. h3 {[%emt 0:01:23]} Bh5 {[%emt 0:01:04]} 10. g4 {[%emt 0:01:36]} Bg6 {[%emt 0:00:22]} 11. Nxg6 {[%emt 0:00:36]} hxg6 {[%emt 0:03:41]} 12. Bg2 {[%emt 0:00:19]} Be7 {[%emt 0:00:52]} 13. Bd2 {[%emt 0:01:59]} Nbd7 {[%emt 0:03:39]} 14. Qc2 {[%emt 0:09:15]} b6 {[%emt 0:04:03]} 15. b4 $146 {[%emt 0:08:50]} ({Predecessor:} 15. cxb6 Nxb6 {1-0 (72) Graczyk,D (2122)-Pazdziora,M (2211) Jastrzebia Gora 2018}) 15... a5 {[%emt 0:10:36]} 16. bxa5 {[%emt 0:02:01]} bxc5 {[%emt 0:01:16]} 17. dxc5 {[%emt 0:03:33]} Nxc5 {[%emt 0:02:32]} 18. g5 {[%emt 0:12:37]} Nfd7 {[%emt 0:05:56]} 19. f4 {[%emt 0:10:57]} e5 {[%emt 0:09:36]} 20. O-O {[%emt 0:01:12]} e4 {[%emt 0:03:30]} 21. Ne2 {[%emt 0:01:19]} Nd3 {[%emt 0:04:35]} 22. Rab1 {[%emt 0:04:44]} O-O {[%emt 0:14:17]} 23. Nd4 {[%emt 0:07:42]} Rfc8 {[%emt 0:05:54]} 24. h4 {[%emt 0:01:11]} N7c5 {[%emt 0:05:43]} 25. Rb6 {[%emt 0:08:35]} Qd7 {[%emt 0:11:36]} 26. Kh2 {[%emt 0:01:37]} Qg4 {[%emt 0:04:36]} ({Black should play} 26... Qe8 $17 27. Bh3 Bd8) 27. Nxc6 $2 {[%emt 0:11:18]} (27. Bh3 $1 $15 Qxh4 28. Kg2) 27... Qxh4+ {[%emt 0:01:53]} 28. Kg1 {[%emt 0:00:02]} Bd8 {[%emt 0:00:27]} 29. Nxd8 {[%emt 0:02:27]} Rxd8 {[%emt 0:00:05]} 30. Rc6 {[%emt 0:06:53]} Rdc8 {[%emt 0:01:49]} 31. Rxc8+ {[%emt 0:00:08]} Rxc8 {[%emt 0:00:04]} 32. Rb1 $19 {[%emt 0:01:06]} (32. Qd1 $17) 32... Qf2+ {[%emt 0:00:46]} 33. Kh1 {[%emt 0:00:01]} Kh7 {[%emt 0:00:49]} 34. Rf1 {[%emt 0:00:48]} Qh4+ {[%emt 0:00:13]} 35. Kg1 {[%emt 0:00:03]} Rb8 {[%emt 0:01:26]} 36. Rb1 {[%emt 0:00:14]} Qf2+ {[%emt 0:00:10]} 37. Kh2 {[%emt 0:00:34]} Rxb1 {[%emt 0:00:47]} 38. Qxb1 {[%emt 0:01:15]} Qxd2 {[%emt 0:00:08]} 0-1

[Event "95th Caplin Hastings Congress"]
[Site "Hastings"]
[Date "2019.12.31"]
[Round "4.47"]
[White "Thorpe, Thomas"]
[Black "Drastik, Penelope"]
[Result "1-0"]
[WhiteElo "1924"]
[BlackElo "1821"]
[Annotator "NA"]
[PlyCount "33"]
[EventDate "2019.12.28"]
[EventType "swiss"]
[EventCountry "ENG"]
[SourceTitle "playchess.com"]
[Source "ChessBase"]
[SourceQuality "1"]
[TimeControl "40/6600+30:3000+30"]

1. e4 {[%emt 0:09:33]} c5 {[%emt 0:09:32]} 2. Nc3 {[%emt 0:00:31]} Nc6 {[%emt 0:00:04]} 3. Bb5 {[%emt 0:00:29]} Nd4 {[%emt 0:00:03]} 4. Bc4 {[%emt 0:00:10]} e6 {[%emt 0:00:49]} 5. Nge2 {[%emt 0:00:54]} Nf6 {[%emt 0:00:19]} 6. O-O {[%emt 0:00:12]} a6 {[%emt 0:00:18]} 7. a4 {[%emt 0:07:49]} Be7 {[%emt 0:02:27]} 8. d3 {[%emt 0:02:01]} d5 {[%emt 0:00:22]} 9. Ba2 {[%emt 0:05:01]} O-O {[%emt 0:01:32]} 10. exd5 {[%emt 0:01:24]} exd5 {[%emt 0:02:20]} 11. Nxd4 {[%emt 0:01:43]} cxd4 {[%emt 0:00:06]} 12. Ne2 {[%emt 0:00:37]} Qb6 {[%emt 0:07:42]} 13. Bf4 {[%emt 0:04:38]} Bg4 {[%emt 0:11:53]} 14. f3 {[%emt 0:02:31]} Be6 {[%emt 0:00:07]} 15. Be5 {[%emt 0:04:20]} Qxb2 {[%emt 0:00:27]} 16. Bb3 {[%emt 0:00:21]} Rac8 {[%emt 0:01:26]} 17. Ra2 {[%emt 0:00:34]} 1-0

[Event "95th Caplin Hastings Congress"]
[Site "Hastings"]
[Date "2019.12.31"]
[Round "4.49"]
[White "Khoo-Thwe, Louis"]
[Black "Jukes, Sam"]
[Result "0-1"]
[WhiteElo "1690"]
[BlackElo "1906"]
[Annotator "NA"]
[PlyCount "72"]
[EventDate "2019.12.28"]
[EventType "swiss"]
[EventCountry "ENG"]
[SourceTitle "playchess.com"]
[Source "ChessBase"]
[SourceQuality "1"]
[TimeControl "40/6600+30:3000+30"]

1. e4 {[%emt 0:09:33]} e5 {[%emt 0:09:38]} 2. Nf3 {[%emt 0:00:04]} Nc6 {[%emt 0:00:03]} 3. Bc4 {[%emt 0:00:07]} Nf6 {[%emt 0:00:05]} 4. d3 {[%emt 0:00:05]} Be7 {[%emt 0:00:13]} 5. O-O {[%emt 0:00:11]} O-O {[%emt 0:00:40]} 6. c3 {[%emt 0:00:24]} d5 {[%emt 0:02:22]} 7. exd5 {[%emt 0:00:10]} Nxd5 {[%emt 0:00:06]} 8. Re1 {[%emt 0:00:17]} Bg4 {[%emt 0:03:56]} 9. h3 {[%emt 0:00:10]} Bh5 {[%emt 0:00:54]} 10. g4 {[%emt 0:04:19]} Bg6 {[%emt 0:00:05]} 11. Nxe5 {[%emt 0:01:35]} Nxe5 {[%emt 0:00:06]} 12. Rxe5 {[%emt 0:00:07]} Nb6 {[%emt 0:00:10]} 13. Qe2 {[%emt 0:00:49]} Bf6 {[%emt 0:01:24]} 14. Ra5 {[%emt 0:03:49]} Nxc4 {[%emt 0:02:19]} 15. dxc4 {[%emt 0:00:07]} c6 {[%emt 0:07:23]} 16. Ra4 {[%emt 0:02:55]} Bd3 {[%emt 0:00:39]} 17. Qf3 {[%emt 0:02:23]} Re8 {[%emt 0:00:54]} 18. Be3 {[%emt 0:01:01]} Bc2 {[%emt 0:07:39]} 19. Rb4 {[%emt 0:02:06]} c5 {[%emt 0:05:32]} 20. Rb5 {[%emt 0:02:33]} b6 {[%emt 0:01:38]} 21. Na3 {[%emt 0:03:21]} Ba4 {[%emt 0:05:16]} 22. b3 {[%emt 0:00:58]} Bxb5 {[%emt 0:03:39]} 23. Nxb5 {[%emt 0:00:25]} a6 {[%emt 0:01:53]} 24. Rd1 {[%emt 0:00:12]} Qe7 {[%emt 0:00:15]} 25. Nd6 {[%emt 0:00:55]} Red8 {[%emt 0:01:46]} 26. Bf4 {[%emt 0:01:39]} Ra7 {[%emt 0:03:18]} 27. Qd5 {[%emt 0:07:57]} Rad7 {[%emt 0:02:34]} 28. Rd3 {[%emt 0:02:47]} h6 {[%emt 0:04:55]} 29. Kf1 {[%emt 0:05:18]} Qf8 {[%emt 0:04:54]} 30. Qc6 {[%emt 0:19:27]} Be7 {[%emt 0:03:50]} 31. Qxb6 {[%emt 0:01:39]} Bxd6 {[%emt 0:01:08]} 32. Be3 {[%emt 0:03:21]} Bc7 {[%emt 0:02:34]} 33. Qc6 {[%emt 0:01:15]} Rxd3 {[%emt 0:00:20]} 34. Qxc7 {[%emt 0:00:08]} Qd6 {[%emt 0:01:09]} 35. Qb7 {[%emt 0:01:19]} Qh2 {[%emt 0:00:40]} 36. a4 {[%emt 0:00:24]} Rxe3 {[%emt 0:00:24]} 0-1

[Event "95th Caplin Hastings Congress"]
[Site "Hastings"]
[Date "2019.12.31"]
[Round "4.50"]
[White "Jennings, Richard"]
[Black "Verma, Shlok"]
[Result "1/2-1/2"]
[WhiteElo "1903"]
[BlackElo "1691"]
[Annotator "NA RC"]
[PlyCount "101"]
[EventDate "2019.12.28"]
[EventType "swiss"]
[EventCountry "ENG"]
[SourceTitle "playchess.com"]
[Source "ChessBase"]
[SourceQuality "1"]
[TimeControl "40/6600+30:3000+30"]

1. d4 {[%emt 0:09:35]} d5 {[%emt 0:09:43]} 2. Nf3 {[%emt 0:00:20]} Nf6 {[%emt 0:00:18]} 3. Bf4 {[%emt 0:00:40]} Bf5 {[%emt 0:03:20]} 4. Nh4 {[%emt 0:01:01]} Bd7 {[%emt 0:00:49]} 5. e3 {[%emt 0:01:44]} e6 {[%emt 0:00:11]} 6. Nd2 {[%emt 0:03:47]} c5 {[%emt 0:02:26]} 7. c3 {[%emt 0:03:19]} Nc6 {[%emt 0:04:40]} 8. Bd3 {[%emt 0:05:30]} h6 {[%emt 0:04:13]} 9. Bg3 {[%emt 0:04:32]} Be7 {[%emt 0:00:28]} 10. f4 {[%emt 0:09:58]} Ne4 {[%emt 0:06:50]} 11. Nhf3 {[%emt 0:06:37]} Nxg3 {[%emt 0:10:22]} 12. hxg3 {[%emt 0:00:25]} Qc7 {[%emt 0:00:32]} 13. e4 {[%emt 0:06:39]} O-O-O {[%emt 0:09:50]} 14. Bb5 {[%emt 0:09:24]} g5 {[%emt 0:12:13]} 15. Bxc6 {[%emt 0:06:59]} Bxc6 {[%emt 0:00:10]} 16. e5 {[%emt 0:00:23]} Rdg8 {[%emt 0:01:08]} 17. O-O {[%emt 0:12:28]} g4 {[%emt 0:04:12]} 18. Ne1 {[%emt 0:04:36]} h5 {[%emt 0:02:05]} 19. Nd3 {[%emt 0:01:32]} Bb5 {[%emt 0:02:24]} 20. Qe2 {[%emt 0:05:23]} h4 {[%emt 0:02:05]} 21. Qe3 {[%emt 0:03:10]} hxg3 {[%emt 0:01:09]} 22. a4 {[%emt 0:01:14]} Bxd3 {[%emt 0:00:44]} 23. Qxd3 {[%emt 0:00:08]} Rh6 {[%emt 0:00:35]} 24. Qxg3 $2 {[%emt 0:01:41]} (24. Rfd1 {was necessary.}) 24... Bh4 $2 {[%emt 0:00:38]} (24... Rgh8 $19 25. Qxg4 cxd4 26. cxd4 {[#]} Qb6 $1 {[%mdl 512]}) 25. Qe3 {[%emt 0:01:21]} g3 {[%emt 0:02:01]} 26. Rfc1 {[%emt 0:04:43]} ({Avoid the trap} 26. dxc5 $2 Be7 $19) 26... Rgh8 {[%emt 0:02:38]} ({Better is} 26... Bd8 $17 27. b4 Rgh8) 27. b4 {[%emt 0:02:49]} Be7 {[%emt 0:00:41]} 28. Kf1 {[%emt 0:00:27]} Rh1+ {[%emt 0:01:42]} 29. Ke2 {[%emt 0:00:08]} Rxc1 {[%emt 0:00:11]} 30. Rxc1 {[%emt 0:00:06]} cxb4 {[%emt 0:00:21]} 31. Nb3 {[%emt 0:03:36]} Qc4+ {[%emt 0:01:23]} 32. Kf3 {[%emt 0:01:57]} Kb8 {[%emt 0:00:13]} 33. cxb4 {[%emt 0:03:29]} Qxb4 {[%emt 0:01:42]} 34. Qc3 {[%emt 0:01:30]} Qxc3+ {[%emt 0:02:11]} 35. Rxc3 {[%emt 0:00:03]} Rh1 {[%emt 0:00:27]} 36. Kxg3 {[%emt 0:01:14]} Bb4 {[%emt 0:00:36]} (36... b6 $15) 37. Rc1 {[%emt 0:01:28]} Rxc1 {[%emt 0:00:41]} 38. Nxc1 {[%emt 0:00:03]} Bc3 {[%emt 0:00:21]} 39. Nb3 {[%emt 0:01:09]} a5 {[%emt 0:00:06]} 40. Kf3 {[%emt 0:02:26]} b5 {[%emt 0:00:51]} 41. Ke3 {[%emt 0:20:39]} bxa4 {[%emt 0:02:02]} 42. Nc1 {[%emt 0:00:48]} Bb2 {[%emt 0:01:00]} 43. Na2 {[%emt 0:00:24]} Kb7 {[%emt 0:00:18]} 44. g4 {[%emt 0:00:47]} Kb6 {[%emt 0:00:25]} 45. Kd3 {[%emt 0:06:15]} Ba3 $2 {[%emt 0:03:00]} (45... a3 $19 46. f5 exf5 47. gxf5 Kc7) 46. Nc3 {[%emt 0:05:40]} Bc1 {[%emt 0:00:36]} 47. f5 $19 {[%emt 0:00:52]} (47. Nxa4+ $11 Kb5 48. Nc3+ Kc6 49. Ne2) 47... a3 {[%emt 0:00:44]} 48. Kc2 {[%emt 0:03:08]} Be3 {[%emt 0:02:05]} 49. Kd3 {[%emt 0:02:55]} Bc1 {[%emt 0:00:54]} 50. Kc2 {[%emt 0:01:03]} Be3 {[%emt 0:00:30]} 51. Kd3 {[%emt 0:00:41]} 1/2-1/2

[Event "95th Caplin Hastings Congress"]
[Site "Hastings"]
[Date "2019.12.31"]
[Round "4.51"]
[White "Thatte, Nandinee"]
[Black "Faulks, Nick"]
[Result "1-0"]
[WhiteElo "1270"]
[BlackElo "1900"]
[Annotator "NA"]
[PlyCount "47"]
[EventDate "2019.12.28"]
[EventType "swiss"]
[EventCountry "ENG"]
[SourceTitle "playchess.com"]
[Source "ChessBase"]
[SourceQuality "1"]
[TimeControl "40/6600+30:3000+30"]

1. d4 {[%emt 0:09:34]} Nf6 {[%emt 0:09:43]} 2. c4 {[%emt 0:00:11]} c5 {[%emt 0:00:04]} 3. d5 {[%emt 0:00:10]} e6 {[%emt 0:00:19]} 4. Nc3 {[%emt 0:00:12]} exd5 {[%emt 0:00:15]} 5. cxd5 {[%emt 0:00:07]} d6 {[%emt 0:00:04]} 6. e4 {[%emt 0:00:14]} g6 {[%emt 0:00:07]} 7. f4 {[%emt 0:00:19]} Bg7 {[%emt 0:00:10]} 8. Bb5+ {[%emt 0:00:31]} Nfd7 {[%emt 0:00:16]} 9. a4 {[%emt 0:00:19]} O-O {[%emt 0:00:32]} 10. Nf3 {[%emt 0:00:49]} Na6 {[%emt 0:00:46]} 11. O-O {[%emt 0:01:40]} Nb4 {[%emt 0:00:38]} 12. Re1 {[%emt 0:01:51]} a6 {[%emt 0:01:14]} 13. Bf1 {[%emt 0:03:17]} Re8 {[%emt 0:02:33]} 14. h3 {[%emt 0:11:02]} Nf6 {[%emt 0:19:37]} 15. Bc4 {[%emt 0:23:33]} Nd7 {[%emt 0:14:33]} 16. Be3 {[%emt 0:13:13]} Nb6 {[%emt 0:08:23]} 17. Bf1 {[%emt 0:06:30]} f5 {[%emt 0:16:06]} 18. e5 {[%emt 0:10:37]} dxe5 {[%emt 0:01:45]} 19. d6 {[%emt 0:01:25]} e4 {[%emt 0:03:50]} 20. Bxc5 {[%emt 0:08:47]} exf3 {[%emt 0:07:21]} 21. Rxe8+ {[%emt 0:02:46]} Qxe8 {[%emt 0:00:12]} 22. Bxb6 {[%emt 0:00:52]} Qc6 {[%emt 0:02:30]} 23. Qb3+ {[%emt 0:01:26]} Kh8 {[%emt 0:00:21]} 24. Qxb4 {[%emt 0:01:01]} 1-0